=LDR 00000nam 2200000 4500 =001 INLIS000000000057665 =005 20210326092208 =035 ##$$a 0010-0321000096 =007 ta =008 210326###########################0#ind## =020 ##$$a 978-602-5455-95-7 =082 ##$$a 899.221 101 =084 ##$$a 899.221 Kus r =245 1#$$a Rembak Bejengkang : $b Antologi Puisi Sasak dan Indonesia /$c Kusmiardi =300 ##$$a 226 halaman ; $c 22 cm =650 #4$$a Puisi Indonesia - Kumpulan =264 ##$$a Sukabumi :$b CV. Jejak,$c 2017 =336 ##$$a teks$2 rdacontent =337 ##$$a lain-lain$2 rdamedia =338 ##$$a lain-lain$2 rdacarrier =990 ##$$a 01830183